| Поле | Инд. | ПП | Название | Значение |
|---|---|---|---|---|
| Тип записи | a | |||
| Библиографический уровень | m | |||
| 001 | Контрольный номер | 045417dc690947fe98de9e43402d7197 | ||
| 005 | Дата корректировки | 20260601110016.5 | ||
| 020 | a | ISBN | 978-5-534-19945-1 | |
| 040 | b | Код языка каталог. | rus | |
| e | Правила каталог. | PSBO | ||
| 041 | 0_ | a | Код языка текста | rus |
| 080 | a | Индекс УДК | 33(075.32) | |
| 097 | b | Оператор | *Ж* | |
| 097 | b | Оператор | *Мал* | |
| 100 | 1_ | a | Автор | Сергеев В.И. |
| 245 | 10 | a | Заглавие | Логистика снабжения |
| b | Продолж. заглавия | учебник для среднего профессионального образования | ||
| b | Продолж. заглавия | в составе учебно-методического комплекса | ||
| c | Ответственность | под научной редакцией В.И. Сергеева | ||
| 250 | a | Основные сведения об издании | 5-е изд., перераб. и доп. | |
| 260 | a | Место издания | Москва | |
| b | Издательство | Юрайт | ||
| c | Дата издания | 2025 | ||
| 300 | a | Объем | 472 с. | |
| 440 | _0 | a | Серия | Профессиональное образование |
| 440 | _0 | a | Серия | УМК-У |
| 516 | 8_ | a | Прим. о типе комп. файла/ данных | Текст : электронный |
| a | Прим. о типе комп. файла/ данных | Режим доступа: по подписке | ||
| a | Прим. о типе комп. файла/ данных | Дата обращения: 03.10.2022 | ||
| a | Прим. о типе комп. файла/ данных | Дата обращения 22.01.2026 | ||
| 520 | 0_ | a | Аннотация | В курсе системно изложены теоретические, методические и практические аспекты логистики снабжения. Приведен основной понятийный аппарат, исследованы методология и научная база логистики снабжения. Рассмотрены основные функциональные аспекты логистики снабжения: стратегический сорсинг, управление поставщиками и управление закупками. Детально проанализированы экономические аспекты, организация и транспортное обеспечение закупочной деятельности, планирование потребности в предметах снабжения, подробно рассмотрены вопросы планирования потребности в запасах и их связь с закупочной деятельностью. Отдельная тема посвящена вопросам закупки для государственных и муниципальных нужд. Соответствует актуальным требованиям федерального государственного образовательного стандарта среднего профессионального образования и профессиональным требованиям. Для студентов образовательных учреждений среднего профессионального образования, обучающихся по экономическим направлениям, а также практикующих специалистов по снабжению (закупкам) и управлению запасами. |
| 535 | 1_ | a | Хранилище | Образовательная платформа Юрайт |
| 583 | a | Действие | Приписка : УМК | |
| 653 | 0_ | a | Ключевые слова | Логистика снабжения |
| a | Ключевые слова | Управление поставщиками | ||
| a | Ключевые слова | Управление закупками | ||
| a | Ключевые слова | Управление запасами | ||
| a | Ключевые слова | Закупочная деятельность | ||
| a | Ключевые слова | Цифровые технологии | ||
| 655 | 07 | a | Жанр/ форма (устаревшее) | У |
| 700 | 1_ | a | Другие авторы | Эльяшевич И.П. |
| 773 | 18 | w | Контрольный № источника | 66c26f0afb7841a3b588e53cfd501389 |
| 856 | 40 | u | URL | https://urait.ru/bcode/587244 |
| 901 | t | Тип документа | m | |
| 905 | b | Дата создания записи обработка | 12.03.26 | |
| c | Дата приписки | 01.06.26 | ||
| 952 | b | Гриф литературы для ВШ | Гриф УМО | |
| a | Тип литературы для КСУ ВШ | У1 | ||
| 952 | e | Факультет | *ФУСК* | |
| 990 | g | Размещение заказа (DOS) | Образовательная платформа Юрайт | |
| 990 | f | Даты поступлений (DOS) | 27.02.26 | |
| j | Количество экземпляров (DOS) | 1 | ||
| 990 | c | Приоритет заказа (DOS) | *о* | |
| j | Количество экземпляров (DOS) | 1 |